La vida y el universo /
¿La vida en la Tierra es un acto de creación, el resultado de la evolución de la materia durante millones de años, o un experimento de extraterrestres? ¿Es posible que haya vida en otros rincones del Universo? ¿Qué criterio científico usar para reconocerla? Las respuestas a estas preguntas han pertu...
Guardado en:
| Autor Principal: | |
|---|---|
| Formato: | Libro |
| Publicado: |
Buenos Aires,
Colihue.
2005 :
|
| Series: | Ciencias para los que se sienten jóvenes
|
| Materias: | |
| Etiquetas: |
Agregar Etiqueta
Sin Etiquetas, Sea el primero en etiquetar este registro!
|
| LEADER | 01412nam a22002055a 4500 | ||
|---|---|---|---|
| 001 | CEM.cems012666 | ||
| 008 | 130507b2005##################000#0#####d | ||
| 005 | 20240326165422.0 | ||
| 245 | 1 | 0 | |a La vida y el universo / |c David Aljanati |
| 260 | |a Buenos Aires, |b Colihue. |c 2005 : | ||
| 300 | |a 139 p. | ||
| 490 | 0 | |a Ciencias para los que se sienten jóvenes | |
| 505 | 0 | |a Introducción -- Un problema con historia -- La vida en la Tierra -- Vida en el Universo -- Conclusiones -- Galería de personajes -- A modo de cronología -- Para saber más -- ¿Qué se hace en la Argentina? -- Noticias de los autores | |
| 520 | |a ¿La vida en la Tierra es un acto de creación, el resultado de la evolución de la materia durante millones de años, o un experimento de extraterrestres? ¿Es posible que haya vida en otros rincones del Universo? ¿Qué criterio científico usar para reconocerla? Las respuestas a estas preguntas han perturbado la vida de los hombres a lo largo de la historia, trascendiendo el marco científico para influir sobre las concepciones filosóficas y producir hechos políticos que transformaron profundamente la vida de sus protagonistas. Y sigue siendo así. | ||
| 020 | |a 9505816723 | ||
| 100 | 1 | |a Aljanati, David | |
| 653 | |a Ciencia | ||
| 653 | |a Universo | ||
| 859 | |a CEMS |b BIB. CEMS - 11 de abril |h 523.1 |i Al48 |p 23998.07 |t Ej.1 | ||
| 859 | |a CEMS |b BIB. CEMS - Inicial y Primaria |h 520 |i Al48 |k IP |p 1750 |t Ej.1 | ||
